| 000 | 00404nam a2200133Ia 4500 | ||
|---|---|---|---|
| 008 | 211119s9999||||xx |||||||||||||| ||und|| | ||
| 082 |
_a920 _bJAT-S |
||
| 100 | _aJathavethan Nampoothiri, P G | ||
| 245 | 0 | _aSecular Police | |
| 260 |
_bMathrubhoomi Books _a2010 _cKottayam |
||
| 300 | _a455p. | ||
| 650 |
_aHistory&geography _vBiography, genealogy & insigmaEconomics _xPGR-GANDHIAN STUDIES |
||
| 942 | _cBOOK | ||
| 999 |
_c112210 _d112210 |
||